[Event "BAN-chT2"]
[Site "Dhaka"]
[Date "2016.11.08"]
[Round "6.4"]
[White "Sarkar, Md Ali Newaz"]
[Black "Md Murshid, Alam"]
[Result "0-1"]
[WhiteElo "1862"]
[BlackElo "1812"]
[PlyCount "100"]
[EventDate "2016.11.03"]
[EventType "team-swiss"]
[EventRounds "7"]
[EventCountry "BAN"]
[SourceTitle "CBM 175 Extra"]
[Source "ChessBase"]
[SourceDate "2016.12.12"]
[SourceVersion "1"]
[SourceVersionDate "2016.12.12"]
[SourceQuality "1"]
[WhiteTeam "BCF Sports"]
[BlackTeam "New Nation Fenchugonj"]
[WhiteTeamCountry "BAN"]
[BlackTeamCountry "BAN"]

1. e4 d5 2. exd5 Nf6 3. c4 c6 4. dxc6 Nxc6 5. Nf3 e5 6. d3 Bf5 7. Be2 Qd7 8. 0-0 0-0-0 9. Nc3 Bxd3 10. Bxd3 Qxd3 11. Qa4 Bc5 12. Bg5 h6 13. Rad1 Qf5 14. Be3 Nd4 15. Nd2 Ng4 16. Nd5 Qh5 17. h3 Ne2+ 18. Kh1 Nxe3 19. fxe3 Ng3+ 20. Kh2 Nxf1+ 21. Nxf1 e4 22. Kg1 Kb8 23. b4 Bb6 24. Qb3 Rd7 25. a4 Rhd8 26. Rd2 Qe5 27. a5 Bc7 28. Rf2 f5 29. Qa4 g5 30. b5 Bd6 31. b6 a6 32. Qc2 Bc5 33. Kh1 Rf8 34. Nd2 Rdf7 35. Nb3 Bd6 36. g3 Qxg3 37. c5 Qxh3+ 38. Kg1 Rc8 39. Nc7 Bxc7 40. bxc7+ Rfxc7 41. Qc3 f4 42. Qe5 Qxe3 43. Nd4 Qc1+ 44. Rf1 Qxc5 45. Qxe4 Rd7 46. Rd1 Rcd8 47. Kg2 Rxd4 48. Rxd4 Qxd4 49. Qf5 Qe3 50. Qg4 Rd2+ 0-1